header

Electrospinning process and nanofiber research (Record no. 32400)

MARC details
000 -LEADER
fixed length control field 01438nam a2200361 a 4500
082 04 - DEWEY DECIMAL CLASSIFICATION NUMBER
Classification number 610.28
245 00 - TITLE STATEMENT
Title Electrospinning process and nanofiber research
260 ## - PUBLICATION, DISTRIBUTION, ETC. (IMPRINT)
Place of publication New York :
Name of publisher Nova Science Publishers,
Year of publication 2011.
300 ## - PHYSICAL DESCRIPTION
Number of Pages vi, 196 p. :
Other physical details ill. (some col.).
490 1# - SERIES STATEMENT
Series statement Nanotechnology science and technology
650 #0 - SUBJECT ADDED ENTRY--TOPICAL TERM
Topical Term Tissue engineering.
Topical Term Nanofibers.
Topical Term Electrospinning.
700 1# - ADDED ENTRY--PERSONAL NAME
Personal name Haghi, A. K.
Personal name Zaikov, G. E.
856 40 - ELECTRONIC LOCATION AND ACCESS
Uniform Resource Identifier http://site.ebrary.com/lib/rucke/Doc?id=10683118

No items available.

© 2026 Rongo University
Contact us: librarian | system librarian | Rongo university